000 00607nam a2200193Ia 4500
003 GCL
008 140319s9999 xx 000 0 ara d
040 _aGCL /
_cGCL
082 0 4 _a745
_bب ز
100 1 _aبورجوين، ج
245 1 0 _aالزخارف الهندسية العربية: 200 لوحة نماذج وتصماميم /
_cبورجوين، ج
300 _a198 ص
490 _aالهيئة العامة للاستعلامات
_v0
650 0 4 _aالفن الزخرفى
650 0 4 _aالتصميم الزخرفى
650 0 4 _aالزخارف
650 0 4 _aاللوحات
942 _2ddc
_cBK
999 _c52024
_d52024